Childhood And Development Years/ (Record no. 195009)

MARC details
000 -LEADER
fixed length control field 00823nam a22001937a 4500
005 - DATE AND TIME OF LATEST TRANSACTION
control field 20230510105347.0
010 ## - LCCN (DPL NO)
LC control number B-747345-347 E.N.A./7.11.22
020 ## - INTERNATIONAL STANDARD BOOK NUMBER
International Standard Book Number 9789389740844
Terms of availability 395.00
035 ## - SYSTEM CONTROL NUMBER
System control number B-747345-347
037 ## - SOURCE OF ACQUISITION
Source of stock number/acquisition Neelkamal Publications
082 ## - DEWEY DECIMAL CLASSIFICATION NUMBER
Classification number 305.231
100 ## - MAIN ENTRY--PERSONAL NAME
Personal name Naresh Kumar
245 ## - TITLE STATEMENT
Title Childhood And Development Years/
Statement of responsibility, etc Naresh Kumar
260 ## - PUBLICATION, DISTRIBUTION, ETC. (IMPRINT)
Place of publication, distribution, etc New Delhi
Name of publisher, distributor, etc Neelkamal Publications Pvt. Ltd
Date of publication, distribution, etc 2021
270 ## - ADDRESS
Address 4761/1, 23, Ansari Road, Daryaganj
City New Delhi
Postal code 110002
Electronic mail address neelkamalbooks@gmail.com
300 ## - PHYSICAL DESCRIPTION
Extent 365p.
Other physical details Index
Dimensions 24cm(pbk)
942 ## - ADDED ENTRY ELEMENTS (KOHA)
Source of classification or shelving scheme Dewey Decimal Classification
Item type English Books
Call number suffix NAR
Classification part 305.231
Holdings
Withdrawn status Lost status Not for loan Collection code Home library Current library Date acquired Source of acquisition Cost, normal purchase price Full call number Barcode Copy number Cost, replacement price Koha item type
      Non-fiction Ashok Vihar Ashok Vihar 10/05/2023 Neelkamal Publication/347/24.11.22/183/23.11.22/2.12.22 395.00 305.231 NAR B-747346 1 395.00 English Books
      Non-fiction Central Library Central Library 10/05/2023 Neelkamal Publication/347/24.11.22/183/23.11.22/2.12.22 395.00 305.231 NAR B-747345 1 395.00 English Books
      Non-fiction Sarojini Nagar Sarojini Nagar 10/05/2023 Neelkamal Publication/347/24.11.22/183/23.11.22/2.12.22 395.00 305.231 NAR B-747347 1 395.00 English Books

© Delhi Public Library
Hit Counter
free hit counter